|
|
|
|
| LEADER |
00000cam a2200000 7i4500 |
| 001 |
0000031152 |
| 005 |
20251219.0 |
| 008 |
251210251209s2021 enka f 001 0 eng |
| 020 |
|
|
|a 9781119633594 (
|q paperback) ,
|c RM246.10
|
| 040 |
|
|
|a DLC
|b eng
|c DLC
|d INS
|e rda
|
| 090 |
0 |
0 |
|a TS155
|b .W536 2021
|
| 100 |
1 |
|
|a Wiggins, Jane M. ,
|e author
|
| 245 |
1 |
0 |
|a FACILITIES MANAGER'S DESK REFERENCE
|c JANE M. WIGGINS
|
| 250 |
|
|
|a Third Edition.
|
| 264 |
|
1 |
|a Chichester, West Sussex :
|b Wiley/Blackwell
|c 2021
|
| 264 |
|
4 |
|a © 2021
|
| 300 |
|
|
|a xxxiii, 664 pages :
|b illustrations ;
|c 25cm.
|
| 336 |
|
|
|a text
|2 rdacontent
|
| 337 |
|
|
|a unmediated
|2 rdamedia
|
| 338 |
|
|
|a volume
|2 rdacarrier
|
| 500 |
|
|
|a Includes index
|
| 650 |
|
0 |
|a Facility management
|v Handbooks, manuals, etc
|
| 999 |
|
|
|a 1000004852
|b BOOK
|c Open Shelf
|e Default branch
|
| 999 |
|
|
|a 1000004853
|b BOOK
|c Open Shelf
|e Default branch
|